000 03163cam a22012254i 4500
003 PE-LiUPU
005 20250813185521.0
008 150625s r 000 0 d
020 _a1886938354
035 _a(Sirsi) i9781886938359
040 _aPE-LiUPU
_bspa
_cPE-LiUPU
_erda
049 _aPRUA
082 0 4 _a371.3078
_bE26
_221
245 0 0 _aEducation in the information age :
_bwhat works and what doesn't /
_cEditado por Claudio Moura Castro.
264 1 _aWashington :
_bInter-American Development Bank,
_c[1998].
300 _a220 páginas ;
_c23 centímetros
336 _atext
_2rdacontent
337 _aunmediated
_2rdamedia
338 _avolume
_2rdacarrier
504 _aIncluye referencias bibliográficas.
505 0 _aThe challenges of Bringing Technology to Education. -The unfinished agenda: computers in academic schools. -The success stories: the use of distance education.
526 _aP202
526 _aP201
526 _aP163
526 _aP162
526 _aP161
526 _aP160
526 _aP148
526 _aP147
526 _aP146
526 _aP145
526 _aP144
526 _aP143
526 _aP142
526 _aP141
526 _aP140
526 _aP139
526 _aP138
526 _aP137
526 _aP136
526 _aP135
526 _aP134
526 _aP133
526 _aP129
526 _aP128
526 _aP127
526 _aP120
526 _aP119
526 _aP118
526 _aP116
526 _aP115
526 _aP114
526 _aP110
526 _aP109
526 _aP108
526 _aP104
526 _aP103
526 _aP102
526 _aP99
526 _aP98
526 _aP97
526 _aP96
526 _aP95
526 _aP93
526 _aP90
526 _aP89
526 _aP88
526 _aP83
526 _aP82
526 _aP62
526 _aP59
526 _aP58
526 _aP57
526 _aP51
526 _aP49
526 _aP48
526 _aP47
526 _aP29
526 _aP24
526 _aP20
526 _aP19
526 _aP17
526 _aP15
526 _aP14
526 _aP12
526 _aP10
526 _aP09
526 _aP08
526 _aP07
526 _aP06
526 _aP05
526 _aP04
526 _aP01
541 _g005-0002486;
650 0 4 _aEducación a distancia
_xCongresos.
650 0 4 _aEducación
_xProcesamiento de datos
_xCongresos.
650 0 4 _aTecnología educativa
_xCongresos.
700 1 _aMoura Castro, Claudio de,
_eeditor.
910 _bjv
_clch
_d20070503
942 _2ddc
_cBOOK
949 _a371.3078 E26
_wDEWEY
_c1
_i56923
_lCCODEBUL1
_mBUL
_p48.00
_r0
_sY
_tBOOK
_u2015-6-25
_xEDUCACION
_PP35
_0COMPRA
_o.STAFF. Colección General
994 _aC0
_bPEPRU
596 _a1
999 _a371.3078 E26
_wDEWEY
_c46067
_i56923
_f2021-11-5
_g5
_lCCODEBUL1
_mBUL
_p48.00
_r0
_sY
_tBOOK
_u2015-6-25
_xBIBLIOTECA
_PP35
_0COMPRA
_o.STAFF. Colección General
_d46067
980 _81
_gALBERTO SANCHEZ Responsable de Automatización